Cẩm nang thuật toán

Gespeichert in:
Bibliographische Detailangaben
1. Verfasser: Robert Sedgewick
Format: Buch
Sprache:Undetermined
Veröffentlicht: Hà Nội KHKT 1996
Schlagworte:
Tags: Tag hinzufügen
Keine Tags, Fügen Sie den ersten Tag hinzu!
Thư viện lưu trữ: Trung tâm Học liệu Trường Đại học Cần Thơ
LEADER 00481nam a2200169Ia 4500
001 CTU_27011
008 210402s9999 xx 000 0 und d
082 |a 005.1 
082 |b S447/T2 
100 |a Robert Sedgewick 
245 0 |a Cẩm nang thuật toán 
245 0 |c Robert Sedgewick; Dịch giả: Trần Thị Đan thư 
260 |a Hà Nội 
260 |b KHKT 
260 |c 1996 
650 |a algorithms 
980 |a Trung tâm Học liệu Trường Đại học Cần Thơ